[Event "ROM-chT"]
[Site "Mamaia"]
[Date "2019.09.26"]
[Round "6.4"]
[White "Ileana, George"]
[Black "Jiroveanu, George"]
[Result "1/2-1/2"]
[WhiteElo "2349"]
[BlackElo "2241"]
[PlyCount "78"]
[EventDate "2019.09.21"]
[EventType "team-tourn"]
[EventRounds "9"]
[EventCountry "ROU"]
[SourceTitle "EXT 2020"]
[Source "ChessBase"]
[SourceDate "2019.10.17"]
[SourceVersion "1"]
[SourceVersionDate "2019.10.17"]
[SourceQuality "1"]
[WhiteTeam "Techirghiol Victoria"]
[BlackTeam "Craiova Oltenia"]
[WhiteTeamCountry "ROU"]
[BlackTeamCountry "ROU"]

1. Nf3 f5 2. g3 Nf6 3. Bg2 e6 4. d4 d5 5. 0-0 Bd6 6. c4 c6 7. b3 0-0 8. Bb2 Ne4 9. Nbd2 Nd7 10. e3 Qf6 11. Ne1 Nxd2 12. Qxd2 Qh6 13. Nd3 g5 14. Rae1 g4 15. Qc1 Qg7 16. Ba3 Qe7 17. Bxd6 Qxd6 18. Nf4 Nf6 19. cxd5 cxd5 20. Qc5 Qxc5 21. dxc5 Bd7 22. Rc1 Kf7 23. Rfd1 Bc6 24. Nd3 Ke7 25. a4 Rfc8 26. Kf1 Rc7 27. Ke2 Rac8 28. Rd2 a5 29. Rb2 Nd7 30. h3 gxh3 31. Bxh3 Kf6 32. g4 fxg4 33. Bxg4 Ne5 34. Nxe5 Kxe5 35. f4+ Kf6 36. Kd3 Rg8 37. Bf3 e5 38. fxe5+ Kxe5 39. Rh2 Rg5 1/2-1/2

[Event "Eforie Nord op 3rd"]
[Site "Eforie Nord"]
[Date "2011.06.29"]
[Round "10"]
[White "Jiroveanu, George"]
[Black "Maksimov, Oleg"]
[Result "1-0"]
[WhiteElo "2218"]
[BlackElo "2333"]
[PlyCount "77"]
[EventDate "2011.06.20"]
[EventType "swiss"]
[EventRounds "11"]
[EventCountry "ROU"]
[SourceTitle "CBM 143 Extra"]
[Source "ChessBase"]
[SourceDate "2011.08.29"]
[SourceVersion "1"]
[SourceVersionDate "2011.08.29"]
[SourceQuality "1"]

1. e4 c5 2. Nc3 g6 3. f4 Bg7 4. Nf3 e6 5. d4 cxd4 6. Nb5 d6 7. c3 a6 8. Nbxd4 Ne7 9. Be3 0-0 10. Be2 e5 11. Nc2 Nbc6 12. 0-0 exf4 13. Bxf4 Qb6+ 14. Ne3 Qxb2 15. Nc4 Qxc3 16. Rc1 Qf6 17. Bg5 Qe6 18. Nb6 Rb8 19. Bc4 Qxe4 20. Re1 Qf5 21. Bxe7 Nxe7 22. Rxe7 Qc5+ 23. Kh1 Qxb6 24. Bxf7+ Kh8 25. Bd5 Bf5 26. Rcc7 Rg8 27. Ng5 h6 28. Bxg8 Rxg8 29. Qa1 Qxc7 30. Rxc7 hxg5 31. Qd1 Rc8 32. Rxc8+ Bxc8 33. Qxd6 Kh7 34. Qb6 Kh6 35. h3 a5 36. Qxa5 Bd7 37. h4 Bf6 38. hxg5+ Bxg5 39. Qa8 1-0

[Event "Eforie Nord op 3rd"]
[Site "Eforie Nord"]
[Date "2011.06.23"]
[Round "4"]
[White "Jiroveanu, George"]
[Black "Zozulia, Anna"]
[Result "0-1"]
[WhiteElo "2218"]
[BlackElo "2371"]
[PlyCount "34"]
[EventDate "2011.06.20"]
[EventType "swiss"]
[EventRounds "11"]
[EventCountry "ROU"]
[SourceTitle "CBM 143 Extra"]
[Source "ChessBase"]
[SourceDate "2011.08.29"]
[SourceVersion "1"]
[SourceVersionDate "2011.08.29"]
[SourceQuality "1"]

1. e4 c5 2. Nc3 e6 3. f4 Nc6 4. Nf3 d6 5. Bb5 Nge7 6. d3 g6 7. 0-0 Bg7 8. e5 0-0 9. exd6 Qxd6 10. Ne4 Qc7 11. a4 Na5 12. Ne5 a6 13. Bc4 Nec6 14. Qe1 f5 15. Ng5 Nxe5 16. Bxe6+ Nf7 17. Bxc8 Nxg5 0-1

[Event "BEL-chT 0203"]
[Site "Belgium"]
[Date "2002.10.20"]
[Round "2.2"]
[White "Naiditsch, Arkadij"]
[Black "Jiroveanu, George"]
[Result "1-0"]
[WhiteElo "2586"]
[BlackElo "2246"]
[PlyCount "87"]
[EventDate "2002.10.06"]
[EventType "team"]
[EventRounds "11"]
[EventCountry "BEL"]
[SourceTitle "CBM 090 Extra"]
[Source "ChessBase"]
[SourceDate "2002.11.07"]
[SourceVersion "1"]
[SourceVersionDate "2002.11.07"]
[SourceQuality "1"]
[WhiteTeam "Eynatten"]
[BlackTeam "Gent II"]
[WhiteTeamCountry "BEL"]
[BlackTeamCountry "BEL"]

1. e4 Nf6 2. e5 Nd5 3. d4 d6 4. c4 Nb6 5. exd6 exd6 6. Nc3 Be7 7. Bd3 Nc6 8. Nge2 Bg4 9. f3 Bh4+ 10. Ng3 Bd7 11. Be3 Qe7 12. Kf2 0-0 13. Re1 Nb4 14. Bf1 Rfe8 15. a3 Na6 16. b4 c6 17. Qd2 Qf6 18. Kg1 d5 19. c5 Nc4 20. Bxc4 dxc4 21. Nce4 Qg6 22. Nd6 Re7 23. Nxc4 Nc7 24. Ne5 Qe6 25. Bf2 Qd5 26. Ne4 Bxf2+ 27. Kxf2 Nb5 28. Rad1 f6 29. a4 fxe5 30. axb5 cxb5 31. dxe5 Qxd2+ 32. Rxd2 Be6 33. f4 a5 34. bxa5 Rxa5 35. Rd8+ Kf7 36. Ng5+ Kg6 37. g4 Bd7 38. e6 Ra2+ 39. Kg3 Be8 40. h4 Ra3+ 41. Kf2 h5 42. f5+ Kh6 43. Nf7+ Kh7 44. g5 1-0

[Event "ROM-ch sf"]
[Site "Baile Tusnad"]
[Date "2000.??.??"]
[Round "5"]
[White "Burnoiu, Nicolae Costel"]
[Black "Jiroveanu, George"]
[Result "1-0"]
[WhiteElo "2353"]
[BlackElo "2247"]
[PlyCount "93"]
[EventDate "2000.05.??"]
[EventType "swiss"]
[EventRounds "11"]
[EventCountry "ROU"]
[SourceTitle "EXT 2001"]
[Source "ChessBase"]
[SourceDate "2000.11.22"]
[SourceVersion "1"]
[SourceVersionDate "2000.11.22"]
[SourceQuality "1"]

1. e4 Nf6 2. e5 Nd5 3. d4 d6 4. c4 Nb6 5. exd6 cxd6 6. Nc3 Bf5 7. Be3 e6 8. Rc1 Be7 9. Nf3 0-0 10. b3 d5 11. c5 Nc8 12. b4 a6 13. Be2 Nc6 14. Qb3 Bg4 15. 0-0 Bxf3 16. Bxf3 Bf6 17. Rfd1 N8e7 18. Bg4 g6 19. Na4 h5 20. Bh3 Nc8 21. g3 Kg7 22. Bf1 h4 23. g4 Be7 24. f4 g5 25. f5 exf5 26. gxf5 Bf6 27. Rc2 Re8 28. Bg2 Qe7 29. Bf2 Qd7 30. Nc3 Qxf5 31. Nxd5 Qg4 32. Rcd2 N8e7 33. Nxf6 Kxf6 34. h3 Qd7 35. d5 Ne5 36. c6 bxc6 37. dxc6 Qc8 38. Rd6+ Kg7 39. Qe3 f6 40. Qc5 Nf5 41. Rd7+ Kh6 42. Qd5 Ne7 43. Qd6 N7g6 44. Be4 f5 45. Bxf5 Qxc6 46. Qxc6 Nxc6 47. Bxg6 1-0

[Event "Revelionul Mileniului rapid"]
[Site "Revelionul"]
[Date "2000.??.??"]
[Round "?"]
[White "Jiroveanu, George"]
[Black "Minca, Paul"]
[Result "1-0"]
[WhiteElo "2240"]
[BlackElo "1605"]
[PlyCount "37"]
[EventDate "2000.??.??"]
[EventType "swiss"]
[EventRounds "7"]
[EventCountry "ROU"]
[SourceTitle "EXT 2004"]
[Source "ChessBase"]
[SourceDate "2003.11.25"]
[SourceVersion "1"]
[SourceVersionDate "2003.11.25"]
[SourceQuality "1"]

1. e4 e5 2. Nc3 Nf6 3. g3 Nc6 4. Bg2 d6 5. Nge2 Be7 6. 0-0 h5 7. d4 h4 8. dxe5 dxe5 9. Qxd8+ Bxd8 10. Bg5 hxg3 11. hxg3 Nd4 12. Nxd4 exd4 13. Nb5 c5 14. Nd6+ Kf8 15. e5 Rh5 16. f4 Rxg5 17. fxg5 Ne8 18. Rxf7+ Kg8 19. Raf1 1-0

[Event "ROM-ch sf"]
[Site "Baile Tusnad"]
[Date "2000.??.??"]
[Round "9"]
[White "Manescu, Tiberiu"]
[Black "Jiroveanu, George"]
[Result "0-1"]
[WhiteElo "2103"]
[BlackElo "2247"]
[PlyCount "104"]
[EventDate "2000.05.??"]
[EventType "swiss"]
[EventRounds "11"]
[EventCountry "ROU"]
[SourceTitle "EXT 2001"]
[Source "ChessBase"]
[SourceDate "2000.11.22"]
[SourceVersion "1"]
[SourceVersionDate "2000.11.22"]
[SourceQuality "1"]

1. e4 Nf6 2. e5 Nd5 3. d4 Nb6 4. c4 d6 5. exd6 exd6 6. Nc3 Be7 7. Bd3 Nc6 8. Nge2 0-0 9. b3 Re8 10. 0-0 Bg4 11. f3 Bh5 12. Nf4 Bg6 13. Nxg6 hxg6 14. Ne2 Bf6 15. Bb2 Qe7 16. Be4 d5 17. cxd5 Nxd5 18. Bxd5 Qxe2 19. Bxc6 bxc6 20. Rf2 Qe3 21. Rc1 Rad8 22. Qc2 Bxd4 23. Bxd4 Rxd4 24. Qxc6 Red8 25. Rcf1 Rd2 26. Qc1 Qb6 27. g3 Rxa2 28. Kg2 Rxf2+ 29. Rxf2 a5 30. Qe1 c5 31. Re2 Qxb3 32. Qxa5 Qd3 33. Qe1 c4 34. Re3 Qc2+ 35. Re2 Qd3 36. Re3 Qc2+ 37. Re2 Qb3 38. Re8+ Rxe8 39. Qxe8+ Kh7 40. Qc8 Qc2+ 41. Kg1 Qd1+ 42. Kf2 Qd2+ 43. Kf1 Qd3+ 44. Kf2 f5 45. g4 Qd4+ 46. Kg2 fxg4 47. fxg4 c3 48. g5 Qd5+ 49. Kg1 Qxg5+ 50. Kh1 Qc1+ 51. Kg2 Qd2+ 52. Kf1 c2 0-1

[Event "Revelionul Mileniului rapid"]
[Site "Revelionul"]
[Date "2000.??.??"]
[Round "?"]
[White "Strimbu, Mihai"]
[Black "Jiroveanu, George"]
[Result "0-1"]
[WhiteElo "1730"]
[BlackElo "2240"]
[PlyCount "94"]
[EventDate "2000.??.??"]
[EventType "swiss"]
[EventRounds "7"]
[EventCountry "ROU"]
[SourceTitle "EXT 2004"]
[Source "ChessBase"]
[SourceDate "2003.11.25"]
[SourceVersion "1"]
[SourceVersionDate "2003.11.25"]
[SourceQuality "1"]

1. d4 d5 2. c4 e6 3. Nc3 c6 4. e3 Bd6 5. Nf3 f5 6. Ne5 Nf6 7. f4 0-0 8. Bd3 Bd7 9. Bd2 Be8 10. c5 Bc7 11. 0-0 Ne4 12. b4 Nd7 13. a4 Nxe5 14. fxe5 Nxd2 15. Qxd2 b6 16. Ba6 Rb8 17. Rfc1 g5 18. Ne2 Qe7 19. Bd3 bxc5 20. bxc5 a5 21. Rab1 Bh5 22. Rxb8 Rxb8 23. Rb1 Qd8 24. Rb2 Qf8 25. Ba6 Rxb2 26. Qxb2 f4 27. exf4 Bxe2 28. Qxe2 Qxf4 29. Qf2 Qc1+ 30. Qf1 Qd2 31. Qd3 Qe1+ 32. Qf1 Qe3+ 33. Qf2 Qc1+ 34. Qf1 Qe3+ 35. Qf2 Qb3 36. h4 Qxa4 37. Bc8 Qd1+ 38. Kh2 Qg4 39. Qf6 Qxh4+ 40. Kg1 Qxd4+ 41. Kf1 Qf4+ 42. Qxf4 gxf4 43. Bxe6+ Kf8 44. Bd7 Ke7 45. Bxc6 Ke6 46. Kf2 a4 47. Bxa4 Kxe5 0-1

[Event "Revelion op"]
[Site "Romania"]
[Date "1999.??.??"]
[Round "?"]
[White "Biro, Andrei Paul"]
[Black "Jiroveanu, George"]
[Result "0-1"]
[WhiteElo "2105"]
[BlackElo "2210"]
[PlyCount "94"]
[EventDate "1999.??.??"]
[EventType "swiss"]
[EventRounds "7"]
[EventCountry "ROU"]
[SourceTitle "EXT 2004"]
[Source "ChessBase"]
[SourceDate "2003.11.25"]
[SourceVersion "1"]
[SourceVersionDate "2003.11.25"]
[SourceQuality "1"]

1. e4 Nf6 2. e5 Nd5 3. d4 d6 4. Nf3 Nb6 5. Be2 Bg4 6. 0-0 e6 7. h3 Bh5 8. Bg5 Be7 9. exd6 cxd6 10. Bxe7 Qxe7 11. Nbd2 0-0 12. Ne4 N8d7 13. Qd2 d5 14. Ng3 Bxf3 15. Bxf3 Nc4 16. Qc1 Rfc8 17. c3 b5 18. Re1 Ndb6 19. Be2 b4 20. Bd3 bxc3 21. bxc3 h6 22. Nf5 Qf6 23. Bxc4 Nxc4 24. Ne3 Qf4 25. Nxc4 Qxc1 26. Raxc1 Rxc4 27. f4 Rac8 28. f5 exf5 29. Re5 Rxd4 30. Rxf5 Rd2 31. Rf2 Rxf2 32. Kxf2 Rc4 33. Ke2 d4 34. Kd3 Rxc3+ 35. Rxc3 dxc3 36. Kxc3 g5 37. Kb4 f5 38. Ka5 f4 39. Ka6 h5 40. Kxa7 g4 41. hxg4 hxg4 42. a4 f3 43. gxf3 gxf3 44. a5 f2 45. a6 f1Q 46. Kb6 Qb1+ 47. Kc7 Qc2+ 0-1

[Event "Revelion op"]
[Site "Romania"]
[Date "1999.??.??"]
[Round "?"]
[White "Jiroveanu, George"]
[Black "Gilea, Lucian"]
[Result "1-0"]
[WhiteElo "2210"]
[BlackElo "1785"]
[PlyCount "93"]
[EventDate "1999.??.??"]
[EventType "swiss"]
[EventRounds "7"]
[EventCountry "ROU"]
[SourceTitle "EXT 2004"]
[Source "ChessBase"]
[SourceDate "2003.11.25"]
[SourceVersion "1"]
[SourceVersionDate "2003.11.25"]
[SourceQuality "1"]

1. e4 Nc6 2. Nc3 Nf6 3. f4 d5 4. e5 d4 5. Nce2 Nd5 6. d3 e6 7. Nf3 Bb4+ 8. Kf2 Nde7 9. g3 f6 10. a3 Bc5 11. b4 Bb6 12. b5 Nb8 13. Bh3 f5 14. Bb2 c5 15. Nd2 Nd7 16. Nc4 Bc7 17. Ng1 Nb6 18. a4 Ned5 19. Qh5+ g6 20. Qh6 Qe7 21. Nxb6 axb6 22. Nf3 Qf8 23. Qxf8+ Kxf8 24. Nd2 g5 25. Bg2 Ne3 26. c3 gxf4 27. gxf4 Rg8 28. Bf3 dxc3 29. Kxe3 cxb2 30. Ra3 Bd7 31. Nc4 Ra7 32. Rb1 Ke7 33. Rxb2 Rg1 34. a5 Rc1 35. axb6 Rxa3 36. Nxa3 Bxb6 37. Nc4 Rxc4 38. dxc4 Bc8 39. h4 Ke8 40. Rg2 Kf8 41. h5 Bd7 42. h6 Be8 43. Rg7 Bg6 44. Rxb7 Ba5 45. Ra7 Bb6 46. Ra6 Bc7 47. b6 1-0

[Event "Centrocoop Sept op-A"]
[Site "Eforie Nord"]
[Date "1998.??.??"]
[Round "?"]
[White "Jiroveanu, George"]
[Black "Ardeleanu, Alin"]
[Result "0-1"]
[WhiteElo "2225"]
[BlackElo "2400"]
[PlyCount "35"]
[EventDate "1998.09.??"]
[EventType "swiss"]
[EventRounds "11"]
[EventCountry "ROU"]
[SourceTitle "EXT 2000"]
[Source "ChessBase"]
[SourceDate "1999.11.16"]
[SourceVersion "1"]
[SourceVersionDate "1999.11.16"]
[SourceQuality "1"]

1. e4 g6 2. Nc3 Bg7 3. f4 c6 4. Qf3 d5 5. exd5 Nf6 6. d6 Qxd6 7. Bc4 0-0 8. Nge2 Bg4 9. Qf2 Nbd7 10. d3 b5 11. Bb3 a5 12. a4 Nc5 13. Ba2 b4 14. Be3 Nxd3+ 15. cxd3 bxc3 16. Nxc3 Qxd3 17. h3 Rfd8 18. Qd2 0-1

[Event "Deva tt"]
[Site "Deva"]
[Date "1998.??.??"]
[Round "5"]
[White "Jiroveanu, George"]
[Black "Zhadko, Vladimir"]
[Result "0-1"]
[WhiteElo "2225"]
[BlackElo "2225"]
[PlyCount "61"]
[EventDate "1998.07.??"]
[EventType "team"]
[EventRounds "9"]
[EventCountry "ROU"]
[SourceTitle "EXT 2004"]
[Source "ChessBase"]
[SourceDate "2003.11.25"]
[SourceVersion "1"]
[SourceVersionDate "2003.11.25"]
[SourceQuality "1"]

1. e4 c6 2. Nc3 d5 3. Nf3 g6 4. d4 Nf6 5. e5 Nh5 6. Bd3 b6 7. 0-0 Na6 8. a3 Nc7 9. Ne2 Bg4 10. Nf4 Nxf4 11. Bxf4 Qd7 12. h3 Be6 13. Qd2 h6 14. Be3 g5 15. Nh2 Rg8 16. Be2 0-0-0 17. b3 f6 18. exf6 exf6 19. a4 Bd6 20. c4 h5 21. c5 bxc5 22. dxc5 Bxh2+ 23. Kxh2 d4 24. Qa5 dxe3 25. Qxa7 Bd5 26. b4 g4 27. b5 exf2 28. g3 h4 29. b6 hxg3+ 30. Kxg3 gxh3+ 31. Kf4 0-1

[Event "Deva tt"]
[Site "Deva"]
[Date "1998.??.??"]
[Round "8"]
[White "Lixandra, Sorin"]
[Black "Jiroveanu, George"]
[Result "0-1"]
[WhiteElo "1695"]
[BlackElo "2225"]
[PlyCount "60"]
[EventDate "1998.07.??"]
[EventType "team"]
[EventRounds "9"]
[EventCountry "ROU"]
[SourceTitle "EXT 2004"]
[Source "ChessBase"]
[SourceDate "2003.11.25"]
[SourceVersion "1"]
[SourceVersionDate "2003.11.25"]
[SourceQuality "1"]

1. d4 d5 2. c4 e6 3. Nc3 c6 4. Nf3 dxc4 5. e3 b5 6. a4 Bb4 7. axb5 cxb5 8. Bd2 Bxc3 9. Bxc3 Bb7 10. Be2 a5 11. 0-0 Nf6 12. Be1 a4 13. Ne5 0-0 14. f4 Nd5 15. Qc1 f6 16. Ng4 Ne7 17. Bf3 Bxf3 18. Rxf3 Nbc6 19. Qc2 Qd5 20. Nf2 f5 21. Nd1 Rfb8 22. Nc3 Nb4 23. Nxd5 Nxc2 24. Nxe7+ Kf7 25. Rc1 Nxe1 26. Rxe1 Kxe7 27. e4 b4 28. exf5 c3 29. Rxe6+ Kf7 30. bxc3 b3 0-1

[Event "ROM-chT2"]
[Site "Sovata"]
[Date "1997.??.??"]
[Round "4"]
[White "Grigore, Nicolae Petre"]
[Black "Jiroveanu, George"]
[Result "1/2-1/2"]
[WhiteElo "2255"]
[BlackElo "2230"]
[PlyCount "89"]
[EventDate "1997.10.??"]
[EventType "team-tourn"]
[EventRounds "7"]
[EventCountry "ROU"]
[SourceTitle "EXT 2000"]
[Source "ChessBase"]
[SourceDate "1999.11.16"]
[SourceVersion "1"]
[SourceVersionDate "1999.11.16"]
[SourceQuality "1"]

1. Nf3 d5 2. g3 e6 3. Bg2 Nf6 4. 0-0 Be7 5. d3 c5 6. Nbd2 Nc6 7. e4 Qc7 8. Re1 b6 9. c3 Bb7 10. e5 Nd7 11. Qe2 a5 12. Nf1 Ba6 13. h4 0-0-0 14. h5 h6 15. Bf4 Rdg8 16. Bh3 g5 17. hxg6 Rxg6 18. Ne3 Kb8 19. Nxd5 exd5 20. Bxd7 Bg5 21. Bxc6 Qxc6 22. Qe3 Bxf4 23. Qxf4 Qe6 24. d4 Rhg8 25. Kg2 Bd3 26. b4 axb4 27. dxc5 Rg4 28. Qd2 Be4 29. Rxe4 dxe4 30. Nd4 Qd5 31. Qe3 bxc5 32. Nf5 Qd3 33. cxb4 Qxe3 34. Nxe3 R4g5 35. Nc4 cxb4 36. Rb1 Kc7 37. Rxb4 Ra8 38. a3 Kc6 39. Kf1 Kc5 40. Nd6 Rxe5 41. Nxe4+ Kc6 42. a4 Rea5 43. Nc3 Rc5 44. Ne2 Rca5 45. Rf4 1/2-1/2

[Event "ROM-chT2"]
[Site "Sovata"]
[Date "1997.??.??"]
[Round "1"]
[White "Jiroveanu, George"]
[Black "Nacu, Miron"]
[Result "1/2-1/2"]
[WhiteElo "2230"]
[BlackElo "1765"]
[PlyCount "62"]
[EventDate "1997.10.??"]
[EventType "team-tourn"]
[EventRounds "7"]
[EventCountry "ROU"]
[SourceTitle "EXT 2000"]
[Source "ChessBase"]
[SourceDate "1999.11.16"]
[SourceVersion "1"]
[SourceVersionDate "1999.11.16"]
[SourceQuality "1"]

1. e4 c5 2. Nc3 Nc6 3. f4 g6 4. Nf3 Bg7 5. Bb5 Nd4 6. Nxd4 cxd4 7. Ne2 Qb6 8. Bd3 d5 9. exd5 Nf6 10. 0-0 Bf5 11. d6 Bxd3 12. cxd3 Qxd6 13. Qa4+ Qd7 14. Qxd7+ Nxd7 15. b3 0-0 16. Ba3 Rfc8 17. Rac1 e5 18. Bd6 f5 19. Rfe1 e4 20. dxe4 fxe4 21. Ng3 e3 22. dxe3 Rxc1 23. Rxc1 dxe3 24. Ne2 Rd8 25. Bc7 Re8 26. g3 Nf8 27. Ba5 Ne6 28. Kg2 b6 29. Bc3 Rd8 30. Bxg7 Kxg7 31. Kf3 Rd2 1/2-1/2